How Brazil Competes in the GlobalDefense Indistry /

Gorde:
Xehetasun bibliografikoak
Egile nagusia: Gouvea Neto, Raul de
Formatua: Texto
Gaiak:
Etiketak: Etiketa erantsi
Etiketarik gabe, Izan zaitez lehena erregistro honi etiketa jartzen!

MARC

LEADER 00000 a a2200000 04500
001 42931
003
040
100 |a Gouvea Neto, Raul de  
245 |a How Brazil Competes in the GlobalDefense Indistry /  |c Raul de Gouvea Neto  
650 |a DESARROLLO INDUSTRIAL  
650 |a EXPORTACIONES  
650 |a MERCADO INTERNACIONAL  
650 |a PRODUCCION INDUSTRIAL  
650 |a ECONOMIA  
773 |g volumen26, número3, 1991, 83-108  
999 |c 27392  |d 27392